000 00434nam a2200169Ia 4500
008 230718s9999 xx 000 0 und d
041 _aeng
082 _a621.395
_bWAK
100 _aWakerly J.F.
245 _aDigital Design
_bPrinciples and Practices
250 _a3rd ed.
260 _c2004
_bPearson
300 _a946
365 _cRs.
_b360.00
700 _aWakerly J.F.
906 _dB:5208/19.07.200415-Sep-2005
_cETC
_b72
999 _c308326
_d308326